000 00326nam a2200133Ia 4500
008 231017s9999 xx 000 0 und d
082 _a625.84
082 _bNAG
245 0 _aNCHRP Report 578: Evaluating Air-Entraining Admixtures for Highway Concrete
245 0 _cTRB
260 _bTRB
300 _c30cm
942 _cREP
999 _c604893
_d604893